Middle America - Statistics

General Stats
  • This quiz has been taken 392 times
  • The average score is 8 of 15
Answer Stats
Hint Answer % Correct
Panama
78%
Cuba
74%
Mexico
73%
Costa Rica
68%
Honduras
68%
El Salvador
64%
Haiti
64%
Nicaragua
64%
Guatemala
62%
Jamaica
61%
Belize
58%
Dominican Republic
53%
Puerto Rico
26%
Lesser Antilles
3%
Greater Antilles
2%
No matching quizzes found
Score Distribution
Percent of People with Each Score
Percentile by Number Answered
Your Score History
You have not taken this quiz